[Event "26.Off.Bayer.Senioren-EM 2014"]
[Site "Bergen"]
[Date "2014.06.24"]
[Round "4.9"]
[White "Selig, Rainer"]
[Black "Pidtoptanyy, Igor"]
[Result "1-0"]
[WhiteElo "1966"]
[BlackElo "1821"]
[PlyCount "115"]
[EventDate "2014.??.??"]
[WhiteTeam "Spielver. Ebersbach/SA."]
[BlackTeam "SW Nürnberg Süd e.V."]

1. c4 e5 2. Nc3 Nf6 3. g3 d5 4. cxd5 Nxd5 5. Bg2 Nxc3 6. bxc3 Bd6 7. Nf3 O-O 8.
d3 h6 9. O-O Nc6 10. Qb3 Rb8 11. Bb2 Be6 12. Qa4 Qd7 13. Rfc1 Nd4 14. Qxd7
Nxf3+ 15. Bxf3 Bxd7 16. c4 b6 17. Bc3 Ba4 18. Kf1 Rfe8 19. Bd5 Ba3 20. Re1 Kf8
21. f4 exf4 22. gxf4 Bd6 23. e3 f5 24. Re2 Re7 25. Kf2 Rbe8 26. Bf3 Rd8 27. h4
Be8 28. Rg1 c6 29. Rd2 Rf7 30. d4 Be7 31. h5 Bf6 32. Rc1 Rc7 33. Bb2 Bf7 34. a4
Rdc8 35. Ba3+ Be7 36. Bxe7+ Kxe7 37. Rb2 Be8 38. c5 bxc5 39. Rxc5 Bd7 40. Ke2
Kd6 41. Kd3 Re8 42. Rg2 Be6 43. Rg6 Rb8 44. Re5 Re7 45. Bxc6 Kxc6 46. Rexe6+
Rxe6 47. Rxe6+ Kd7 48. Rg6 Rg8 49. d5 Ke7 50. Ra6 Ra8 51. Kd4 Kf8 52. Ke5 Re8+
53. Kxf5 Rxe3 54. Rxa7 Rh3 55. d6 Rxh5+ 56. Ke6 Kg8 57. Ra8+ Kh7 58. d7 1-0

[Event "26.Off.Bayer.Senioren-EM 2014"]
[Site "Bergen"]
[Date "2014.06.24"]
[Round "4.10"]
[White "Krafzik, Joachim"]
[Black "Knollmueller, Peter"]
[Result "0-1"]
[WhiteElo "1819"]
[BlackElo "1815"]
[PlyCount "56"]
[EventDate "2014.??.??"]
[WhiteTeam "SC Haar 1931"]
[BlackTeam "SK Töging"]

1. b4 d5 2. Bb2 e6 3. b5 Nf6 4. Nf3 Be7 5. e3 c5 6. c4 O-O 7. Be2 b6 8. O-O Bb7
9. d4 Nbd7 10. Nbd2 Rc8 11. Rc1 Re8 12. Ne5 cxd4 13. Nxd7 Qxd7 14. Bxd4 Ba3 15.
Rb1 e5 16. Bb2 Bxb2 17. Rxb2 d4 18. Qb3 Rcd8 19. exd4 exd4 20. Bf3 d3 21. Bxb7
Qxb7 22. Qd1 Nd7 23. Rb1 Nc5 24. Re1 Qd7 25. Qf3 Re2 26. Red1 Rde8 27. Kf1 Qe7
28. Ne4 Qxe4 0-1

[Event "26.Off.Bayer.Senioren-EM 2014"]
[Site "Bergen"]
[Date "2014.06.24"]
[Round "4.11"]
[White "Kaufmann, Helmut"]
[Black "Straub, Peter"]
[Result "1-0"]
[WhiteElo "1742"]
[BlackElo "2009"]
[PlyCount "79"]
[EventDate "2014.??.??"]
[WhiteTeam "SK Eutingen"]
[BlackTeam "SK Mering"]

1. d4 Nf6 2. e3 d6 3. Bc4 c5 4. c3 Qc7 5. Nd2 e6 6. Ngf3 Be7 7. O-O O-O 8. Qe2
Nc6 9. Bd3 e5 10. dxe5 dxe5 11. h3 Be6 12. e4 Nd7 13. Bc4 Nd8 14. Re1 Bf6 15.
Nf1 Bxc4 16. Qxc4 Ne6 17. Ne3 Nb6 18. Qe2 Nf4 19. Qc2 h5 20. Nf1 Ne6 21. Be3
Kh8 22. h4 Qe7 23. g3 Rg8 24. Qc1 g6 25. b3 Rg7 26. Ng5 Bxg5 27. hxg5 Rh7 28.
Nh2 h4 29. Ng4 Nd7 30. Kg2 Kg7 31. Rh1 Rah8 32. Qd2 h3+ 33. Kh2 Rh5 34. f4 exf4
35. gxf4 Nxf4 36. Bxf4 Qxe4 37. Rae1 Qf3 38. Ne5 Qg2+ 39. Qxg2 hxg2+ 40. Kxg2
1-0

[Event "26.Off.Bayer.Senioren-EM 2014"]
[Site "Bergen"]
[Date "2014.06.24"]
[Round "4.12"]
[White "Worschech, Roland"]
[Black "Stolpynskyy, Mark"]
[Result "0-1"]
[WhiteElo "1730"]
[BlackElo "1943"]
[PlyCount "70"]
[EventDate "2014.??.??"]
[WhiteTeam "SK 1907 Kulmbach"]
[BlackTeam "SW Nürnberg Süd e.V."]

1. d4 d5 2. c4 c6 3. e3 Nf6 4. Nc3 a6 5. Nf3 b5 6. c5 Bg4 7. Be2 Nbd7 8. O-O
Qc7 9. a3 e5 10. Nxe5 Nxe5 11. dxe5 Bxe2 12. Nxe2 Qxe5 13. Qd4 Qc7 14. b4 a5
15. Bb2 Be7 16. Ng3 O-O 17. Qe5 Qxe5 18. Bxe5 g6 19. Rfe1 h5 20. h3 Ra7 21. Bc3
a4 22. f3 Re8 23. Ra2 Nd7 24. Nf1 Bf6 25. Bxf6 Nxf6 26. Rae2 Rae7 27. Kf2 Nd7
28. Nd2 Ne5 29. Rd1 Nd3+ 30. Kg1 Nf4 31. Ree1 Rxe3 32. Rxe3 Rxe3 33. Nf1 Rxa3
34. Re1 Kf8 35. Ne3 Nd3 0-1

[Event "26.Off.Bayer.Senioren-EM 2014"]
[Site "Bergen"]
[Date "2014.06.24"]
[Round "4.13"]
[White "Reichwald, Klaus"]
[Black "Willin, Bernhard"]
[Result "1/2-1/2"]
[WhiteElo "1707"]
[BlackElo "1807"]
[PlyCount "60"]
[EventDate "2014.??.??"]
[WhiteTeam "SC Lohhof 1950 e.V."]
[BlackTeam "SC Horben"]

1. e4 c5 2. Nc3 Nc6 3. Nge2 d6 4. g3 g6 5. Bg2 Bg7 6. O-O e6 7. d3 Nge7 8. Be3
Nd4 9. Rb1 Nec6 10. a3 a5 11. Qd2 Bd7 12. Rfc1 O-O 13. Bh6 Rb8 14. Bxg7 Kxg7
15. Nxd4 Nxd4 16. Ne2 Nxe2+ 17. Qxe2 e5 18. Rf1 f5 19. f4 exf4 20. Rxf4 Qe7 21.
Rbf1 Rbe8 22. Qd2 b6 23. Qc3+ Qe5 24. Qxe5+ Rxe5 25. exf5 Rexf5 26. Rxf5 Rxf5
27. Rxf5 Bxf5 28. Kf2 Kf6 29. Ke3 h6 30. c3 g5 1/2-1/2

[Event "26.Off.Bayer.Senioren-EM 2014"]
[Site "Bergen"]
[Date "2014.06.24"]
[Round "4.15"]
[White "Stadler, Lothar"]
[Black "Zschorsch, Peter"]
[Result "1-0"]
[WhiteElo "1674"]
[BlackElo "1788"]
[PlyCount "113"]
[EventDate "2014.??.??"]
[WhiteTeam "SAbt SV Weiss-BL.Allianz"]
[BlackTeam "Karlsruher SF 1853"]

1. c4 Nf6 2. d4 c5 3. e3 cxd4 4. exd4 d5 5. b3 g6 6. Nf3 Bg7 7. Be2 O-O 8. O-O
Bf5 9. Nh4 Bxb1 10. Rxb1 Ne4 11. Bb2 e6 12. g3 Bh6 13. Re1 Qa5 14. Qc2 Nc6 15.
Bd3 Nb4 16. Qd1 Nxd3 17. Qxd3 Qd2 18. Qe2 Rac8 19. Rbd1 Qa5 20. Qc2 Nd6 21. Bc3
Qd8 22. c5 Ne4 23. Bb2 Qf6 24. Qe2 Bg7 25. Ng2 Rfe8 26. Ne3 h5 27. Kg2 Nxc5 28.
f3 Nd7 29. Qb5 Nb6 30. a4 Qd8 31. a5 Qd7 32. Qb4 Bf8 33. Qd2 Na8 34. g4 Qb5 35.
gxh5 Qxb3 36. Qf2 Bh6 37. Ng4 Bg5 38. h4 Rc2 39. Re2 Rxe2 40. Qxe2 Bxh4 41. Rh1
Rc8 42. Rc1 Rxc1 43. Bxc1 gxh5 44. Nh6+ Kf8 45. Bf4 Bf6 46. Bd6+ Ke8 47. Be5
Qb1 48. Kh2 Bxe5+ 49. dxe5 Nc7 50. Ng8 Qf5 51. Nf6+ Ke7 52. Qe3 Qc2+ 53. Kg3
Qg6+ 54. Kh4 Qc2 55. Qa3+ Kd8 56. Qd6+ Kc8 57. Qd7+ 1-0

[Event "26.Off.Bayer.Senioren-EM 2014"]
[Site "Bergen"]
[Date "2014.06.24"]
[Round "4.16"]
[White "Aigner, Georg"]
[Black "Zehfuss, Helmut"]
[Result "1-0"]
[WhiteElo "1786"]
[BlackElo "1710"]
[PlyCount "87"]
[EventDate "2014.??.??"]
[WhiteTeam "TSV Dietfurt/Altm. e.V."]
[BlackTeam "SG Traunstein/Traunreut e.V."]

1. e4 c5 2. Nf3 d6 3. d4 cxd4 4. Nxd4 Nf6 5. Nc3 g6 6. Be3 Bg7 7. Be2 O-O 8.
O-O Nc6 9. Qd2 Bd7 10. Nxc6 Bxc6 11. f3 Re8 12. Rfd1 Qa5 13. Nd5 Qxd2 14. Rxd2
Nxd5 15. exd5 Bd7 16. c3 b5 17. Rc1 Rec8 18. Bd3 Rc7 19. Rdc2 Rac8 20. c4 Bf5
21. Bxf5 gxf5 22. c5 dxc5 23. Rxc5 Rxc5 24. Rxc5 Rxc5 25. Bxc5 Bxb2 26. Bxa7
Kf8 27. Bc5 Ke8 28. Kf2 Be5 29. h3 Kd7 30. Ke3 Bd6 31. Kd4 f4 32. Bb6 Bb4 33.
Bc5 Ba5 34. Ke4 Bc7 35. Bb4 Bd6 36. Bd2 Bc7 37. Bxf4 Bxf4 38. Kxf4 Kd6 39. Ke4
Kc5 40. f4 Kc4 41. g4 b4 42. g5 Kc3 43. f5 Kb2 44. f6 1-0

[Event "26.Off.Bayer.Senioren-EM 2014"]
[Site "Bergen"]
[Date "2014.06.24"]
[Round "4.17"]
[White "Klueber, Werner"]
[Black "Boldt, Heinrich"]
[Result "1/2-1/2"]
[WhiteElo "1769"]
[BlackElo "1701"]
[PlyCount "54"]
[EventDate "2014.??.??"]
[WhiteTeam "SC Prichsenstadt"]
[BlackTeam "TSV Kareth-Lappersdorf"]

1. d4 Nf6 2. c4 d5 3. cxd5 Nxd5 4. Nf3 Bf5 5. a3 e6 6. g3 Nd7 7. Bg2 c6 8. O-O
Be7 9. Re1 N5f6 10. Nc3 h5 11. e4 Bg6 12. d5 Bc5 13. h3 Qc7 14. dxe6 fxe6 15.
e5 Nh7 16. b4 Be7 17. Bb2 Nb6 18. Qb3 Nd5 19. Rac1 Qd7 20. Nxd5 cxd5 21. Qc3
Ng5 22. Nxg5 Bxg5 23. f4 Bd8 24. Kh2 O-O 25. Qe3 Bb6 26. Bd4 Bxd4 27. Qxd4 Rfc8
1/2-1/2

[Event "26.Off.Bayer.Senioren-EM 2014"]
[Site "Bergen"]
[Date "2014.06.24"]
[Round "4.18"]
[White "Hansch, Klaus-Michael"]
[Black "Schroeder, Klaus"]
[Result "1/2-1/2"]
[WhiteElo "1766"]
[BlackElo "1680"]
[PlyCount "55"]
[EventDate "2014.??.??"]
[WhiteTeam "SC Weisse Dame e.V."]
[BlackTeam "SC Karlsdorf"]

1. d4 c5 2. dxc5 e6 3. Nf3 Bxc5 4. Nc3 d5 5. e3 Nf6 6. Be2 Nc6 7. O-O O-O 8.
Na4 Be7 9. c4 dxc4 10. Bxc4 Qc7 11. Be2 b6 12. Qc2 Bb7 13. Bd2 Rac8 14. a3 Rfd8
15. Rac1 Qb8 16. Nc3 Na5 17. Nd4 Nc4 18. Rcd1 Nxd2 19. Rxd2 Ne4 20. Rd3 Ba6 21.
Ndb5 Bxb5 22. Rxd8+ Bxd8 23. Bxb5 Nxc3 24. bxc3 Bf6 25. c4 Qd6 26. a4 Qc7 27.
Rd1 Rd8 28. Rxd8+ 1/2-1/2

[Event "26.Off.Bayer.Senioren-EM 2014"]
[Site "Bergen"]
[Date "2014.06.24"]
[Round "4.19"]
[White "Appel, Juergen"]
[Black "Braeu, Ludwig"]
[Result "0-1"]
[WhiteElo "1650"]
[BlackElo "1759"]
[PlyCount "100"]
[EventDate "2014.??.??"]
[WhiteTeam "Zwickauer Schachclub"]
[BlackTeam "SK Marktoberdorf"]

1. d4 g6 2. e4 Bg7 3. c3 d6 4. Be3 Nf6 5. Bd3 O-O 6. h3 Nc6 7. Qd2 e5 8. d5 Ne7
9. Bh6 c6 10. Bxg7 Kxg7 11. c4 b5 12. Nc3 bxc4 13. Bxc4 cxd5 14. exd5 Qc7 15.
Bb3 Ba6 16. Nge2 Qa5 17. Rd1 Rfc8 18. O-O Bc4 19. Bxc4 Rxc4 20. f4 Qc5+ 21. Kh1
Ne4 22. Nxe4 Rxe4 23. fxe5 Rxe5 24. Nc3 Nf5 25. Rf3 Rae8 26. Rdf1 R8e7 27. g4
Ne3 28. R1f2 Nxd5 29. Nxd5 Qxd5 30. Qf4 f5 31. Rd2 Re1+ 32. Kg2 R7e2+ 33. Rxe2
Rxe2+ 34. Kg3 Re4 35. Qg5 Qe5+ 36. Kh4 h6 37. Qd8 g5+ 38. Kh5 f4 39. Rc3 Qe8+
40. Qxe8 Rxe8 41. Rc7+ Kf6 42. Rh7 f3 43. Rxh6+ Ke5 44. Rg6 Rh8+ 45. Kxg5 Rf8
46. Kh4 Kf4 47. g5 f2 48. Rf6+ Rxf6 49. gxf6 f1=Q 50. Kh5 Kf5 0-1

[Event "26.Off.Bayer.Senioren-EM 2014"]
[Site "Bergen"]
[Date "2014.06.24"]
[Round "4.20"]
[White "Mahrla, Hans"]
[Black "Duerr, Rainer"]
[Result "1/2-1/2"]
[WhiteElo "1626"]
[BlackElo "1861"]
[PlyCount "81"]
[EventDate "2014.??.??"]
[WhiteTeam "SC Eichenau"]
[BlackTeam "SC Prien"]

1. e4 c5 2. f4 e6 3. Nf3 d5 4. e5 Nc6 5. c3 Nh6 6. d4 Nf5 7. Bd3 cxd4 8. Bxf5
exf5 9. cxd4 Be7 10. Nc3 Be6 11. O-O Qb6 12. Na4 Qa6 13. a3 b6 14. Be3 Rc8 15.
b4 O-O 16. Nb2 Rc7 17. Qd3 Qb7 18. Rfc1 Rfc8 19. Nd1 a6 20. Nd2 Na7 21. Rxc7
Rxc7 22. Nb3 g6 23. Rc1 Rxc1 24. Bxc1 Bd7 25. Nc3 Nb5 26. Na2 Qc6 27. Nd2 Nc7
28. Qc3 Qb7 29. Qb2 Ne6 30. Nf3 Bb5 31. Nc3 Bc4 32. Be3 Qc6 33. Qc1 Nc7 34. Qb2
Nb5 35. Nxb5 Qxb5 36. Bd2 Qa4 37. Ne1 Qd1 38. Bc3 Qg4 39. Qf2 Qd1 40. Qc2 Qg4
41. Qf2 1/2-1/2

[Event "26.Off.Bayer.Senioren-EM 2014"]
[Site "Bergen"]
[Date "2014.06.24"]
[Round "4.21"]
[White "Glueck, Josef"]
[Black "Schoenfelder, Heinrich"]
[Result "1-0"]
[WhiteElo "1899"]
[BlackElo "1692"]
[PlyCount "103"]
[EventDate "2014.??.??"]
[WhiteTeam "SG Traunstein/Traunreut e.V."]
[BlackTeam "SC Tarrasch 45 München"]

1. Nf3 Nf6 2. c4 g6 3. Nc3 d6 4. d4 Bg7 5. e4 O-O 6. h3 Nbd7 7. Be3 e5 8. d5 h6
9. Qd2 Kh7 10. g4 Ng8 11. Bd3 b6 12. O-O-O Nc5 13. Bc2 a5 14. Rdg1 Bd7 15. h4
Qc8 16. Qe2 f6 17. Rg3 a4 18. Nd2 a3 19. b3 Qe8 20. Nb5 Bxb5 21. cxb5 Nb7 22.
b4 Nd8 23. Nb1 Nf7 24. Bd2 g5 25. h5 Qd7 26. Rc3 Ra7 27. Rhh3 Rfa8 28. Rxa3
Rxa3 29. Rxa3 Rxa3 30. Nxa3 Ne7 31. f3 Qc8 32. Nc4 Qa8 33. a4 Qb8 34. Ne3 Nd8
35. a5 Qa7 36. Qc4 Bf8 37. Nd1 Kg7 38. Be3 Nc8 39. Nc3 Qb7 40. Na4 Kf7 41. Qe2
Ke7 42. Bd3 Kd7 43. Qf2 bxa5 44. bxa5 Qa8 45. a6 Be7 46. b6 cxb6 47. Bb5+ Kc7
48. Bxb6+ Nxb6 49. Qxb6+ Kc8 50. Be8 Bf8 51. Nc3 Be7 52. Nb5 1-0

[Event "26.Off.Bayer.Senioren-EM 2014"]
[Site "Bergen"]
[Date "2014.06.24"]
[Round "4.22"]
[White "Klein, Klaus"]
[Black "Babichev, Vyacheslav"]
[Result "0-1"]
[WhiteElo "1809"]
[BlackElo "1689"]
[PlyCount "112"]
[EventDate "2014.??.??"]
[WhiteTeam "SF Heidelberg"]
[BlackTeam "SW Nürnberg Süd e.V."]

1. e4 g6 2. d4 Bg7 3. Nc3 d6 4. Be3 Nf6 5. f3 O-O 6. Qd2 Re8 7. O-O-O Kh8 8.
Bh6 c6 9. g4 b5 10. h4 Ng8 11. Bxg7+ Kxg7 12. d5 a6 13. dxc6 Nxc6 14. Nd5 f6
15. g5 Be6 16. gxf6+ Nxf6 17. Nxf6 exf6 18. Kb1 Qb6 19. Bh3 Bf7 20. Bd7 Red8
21. Bxc6 Qxc6 22. Ne2 Qb6 23. Nc3 Qa5 24. Nd5 Qa4 25. Qd4 Qxd4 26. Rxd4 Bxd5
27. Rxd5 Kf7 28. Rhd1 Ke6 29. f4 Rac8 30. c3 Rc4 31. R5d4 Rc5 32. Rd5 Rd7 33.
Kc2 Rxd5 34. Rxd5 f5 35. Kd3 Rc7 36. Rd4 Rc6 37. a4 fxe4+ 38. Kxe4 Rc4 39. axb5
axb5 40. Rxc4 bxc4 41. Kd4 d5 42. Kc5 h6 43. Kc6 h5 44. Kc5 Kf5 45. Kxd5 Kxf4
46. Kxc4 g5 47. hxg5 Kxg5 48. b4 h4 49. b5 h3 50. b6 h2 51. b7 h1=Q 52. b8=Q
Qe4+ 53. Kc5 Qe3+ 54. Kb4 Qe7+ 55. Ka4 Qe4+ 56. Kb5 Qb1+ 0-1

[Event "26.Off.Bayer.Senioren-EM 2014"]
[Site "Bergen"]
[Date "2014.06.24"]
[Round "4.23"]
[White "Schuster, Herbert"]
[Black "Reimann, Guenther"]
[Result "0-1"]
[WhiteElo "1615"]
[BlackElo "1768"]
[PlyCount "70"]
[EventDate "2014.??.??"]
[WhiteTeam "SK Landshut"]
[BlackTeam "SC Magstadt"]

1. d4 e6 2. Nf3 f5 3. Bg5 Be7 4. Bxe7 Qxe7 5. c3 Nf6 6. e3 d6 7. g3 Nbd7 8. Bg2
c6 9. Nbd2 O-O 10. Qb3 Kh8 11. Ng5 Nb6 12. h4 Ng4 13. Nh3 e5 14. O-O-O Be6 15.
c4 Rac8 16. f3 Nf6 17. Qc2 h6 18. b3 Nh5 19. Nf1 a5 20. f4 exd4 21. exd4 a4 22.
Qe2 Qf7 23. Bf3 Nf6 24. Nd2 axb3 25. axb3 Ra8 26. Ng5 hxg5 27. hxg5+ Nh7 28.
Qh2 g6 29. Rde1 Rfe8 30. Qf2 Qg7 31. Rh6 c5 32. Reh1 Bg8 33. Nb1 cxd4 34. Rd1
Re3 35. Bh5 gxh5 0-1

[Event "26.Off.Bayer.Senioren-EM 2014"]
[Site "Bergen"]
[Date "2014.06.24"]
[Round "4.24"]
[White "Leuschner, Guenter"]
[Black "Mehlhorn, Dieter"]
[Result "1/2-1/2"]
[WhiteElo "1755"]
[BlackElo "1656"]
[PlyCount "112"]
[EventDate "2014.??.??"]
[WhiteTeam "SK Nürnberg 1911 e.V."]
[BlackTeam "Post-SV Crimmitschau"]

1. c4 e5 2. Nc3 Nf6 3. g3 Nc6 4. Bg2 d6 5. Nf3 Be6 6. d3 h6 7. Qb3 Rb8 8. O-O
Be7 9. Nd5 O-O 10. Nxe7+ Qxe7 11. Qc3 e4 12. Nd4 Nxd4 13. Qxd4 exd3 14. exd3 a6
15. b3 Rfd8 16. Bb2 Ne8 17. Qe3 Qd7 18. Rfe1 d5 19. Qf4 dxc4 20. dxc4 Qd2 21.
Ba3 Qxf4 22. gxf4 Rd4 23. f5 Bxf5 24. Bc5 Rg4 25. Kh1 b6 26. Be3 Rd8 27. h3 Rg6
28. Kh2 Rdd6 29. c5 bxc5 30. Bxc5 Rde6 31. Be3 Be4 32. f3 Bb7 33. Bf4 Rxe1 34.
Rxe1 Re6 35. Rxe6 fxe6 36. Kg3 Nd6 37. Be5 Kf7 38. Bf1 Nf5+ 39. Kf2 c6 40. Bd3
Ne7 41. Ke3 Nf5+ 42. Kd2 c5 43. f4 g5 44. Kc3 Bg2 45. fxg5 hxg5 46. Bxa6 Bxh3
47. Bd3 g4 48. Kc4 g3 49. Kxc5 g2 50. Bh2 Nh4 51. Be4 Bf5 52. Bc6 e5 53. Bxg2
Nxg2 54. Bxe5 Ke6 55. Bd4 Nf4 56. b4 Nd3+ 1/2-1/2

[Event "26.Off.Bayer.Senioren-EM 2014"]
[Site "Bergen"]
[Date "2014.06.24"]
[Round "4.25"]
[White "Perzl, Michael"]
[Black "Weyand, Fernand"]
[Result "1-0"]
[WhiteElo "1754"]
[BlackElo "1587"]
[PlyCount "77"]
[EventDate "2014.??.??"]
[WhiteTeam "TSV Trostberg"]
[BlackTeam "SVG Saarbrücken 1970 e.V."]

1. d4 Nf6 2. c4 e6 3. Nc3 Bb4 4. Nf3 O-O 5. Qc2 c5 6. e3 b6 7. a3 cxd4 8. axb4
dxc3 9. bxc3 Qc7 10. Be2 Bb7 11. O-O d5 12. Nd2 Rc8 13. Bb2 Nbd7 14. cxd5 Nxd5
15. c4 N7f6 16. Qb3 Ne7 17. Rfc1 Ne8 18. Nf3 Ng6 19. Nd4 Qe7 20. Qc3 Nh4 21.
Nf3 Bxf3 22. Bxf3 Nxf3+ 23. gxf3 Qg5+ 24. Kh1 Qf5 25. e4 Qf6 26. Qb3 e5 27. Rg1
Rc7 28. Rac1 Rd8 29. c5 bxc5 30. bxc5 Rcd7 31. Rg3 Rd3 32. Rc3 Rd1+ 33. Rg1
Rxg1+ 34. Kxg1 Qg5+ 35. Kf1 Qh4 36. Rd3 Rxd3 37. Qxd3 Qxh2 38. Qd7 Kf8 39. c6
1-0

[Event "26.Off.Bayer.Senioren-EM 2014"]
[Site "Bergen"]
[Date "2014.06.24"]
[Round "4.26"]
[White "Neumeister, Herbert"]
[Black "Huetter, Heinz"]
[Result "1-0"]
[WhiteElo "1716"]
[BlackElo "1438"]
[PlyCount "117"]
[EventDate "2014.??.??"]
[WhiteTeam "Schachvereinigung Düren 13 Deric"]
[BlackTeam "SC Eichenau"]

1. d4 g6 2. e4 d6 3. Nf3 c6 4. Nc3 a6 5. a4 Bg7 6. Bc4 e6 7. Be3 Qc7 8. Bb3 Ne7
9. Qd2 d5 10. Bf4 Qd8 11. Bh6 O-O 12. Bxg7 Kxg7 13. e5 Nd7 14. Ne2 Ng8 15. Nf4
Qe7 16. g4 f6 17. O-O-O b5 18. h4 Nb6 19. a5 Nc4 20. Bxc4 bxc4 21. h5 g5 22.
Nh3 h6 23. c3 Rb8 24. Qc2 f5 25. Nh2 Rf7 26. f4 Qd8 27. Rdg1 Kf8 28. fxg5 hxg5
29. gxf5 Rxf5 30. Rf1 Rb7 31. Rhg1 Rg7 32. Ng4 Rgf7 33. Rxf5 exf5 34. Ngf2 g4
35. Nf4 Qg5 36. Qd2 Qh6 37. Nh1 Ke8 38. Ng3 Rh7 39. Rf1 Ne7 40. Qe3 Be6 41. Kd2
Kd7 42. b3 cxb3 43. Rb1 Nc8 44. Rxb3 Kc7 45. Nge2 Bf7 46. Ng3 Be6 47. Nxe6+
Qxe6 48. Qg5 Qh6 49. Qxh6 Rxh6 50. Ke3 Rh8 51. Kf4 Ne7 52. Rb6 Ra8 53. h6 Nc8
54. Rb1 Ne7 55. Rh1 Rh8 56. h7 Rf8 57. Rh6 Kd7 58. Kg5 Ke8 59. h8=Q 1-0

[Event "26.Off.Bayer.Senioren-EM 2014"]
[Site "Bergen"]
[Date "2014.06.24"]
[Round "4.27"]
[White "Kammel, Rudolf"]
[Black "Abel, Hans-Peter"]
[Result "1/2-1/2"]
[WhiteElo "1613"]
[BlackElo "1715"]
[PlyCount "57"]
[EventDate "2014.??.??"]
[WhiteTeam "SC Bavaria Regensb.1881"]
[BlackTeam "SC Leinfelden"]

1. e4 c6 2. d4 d5 3. exd5 cxd5 4. Bd3 Nf6 5. h3 Nc6 6. Ne2 g6 7. Bf4 Bg7 8. c3
O-O 9. O-O Qb6 10. Na3 a6 11. b3 e6 12. Bd6 Re8 13. Bc5 Qc7 14. Nc2 e5 15. dxe5
Nxe5 16. Bd4 Nxd3 17. Qxd3 Bf5 18. Qd1 Rac8 19. Ne3 Be6 20. Rc1 b5 21. Rc2 Qb7
22. Nf4 Rcd8 23. Nd3 Nd7 24. Qd2 Bxd4 25. cxd4 Rc8 26. Rfc1 Rxc2 27. Rxc2 Rc8
28. Qc1 Rxc2 29. Qxc2 1/2-1/2

[Event "26.Off.Bayer.Senioren-EM 2014"]
[Site "Bergen"]
[Date "2014.06.24"]
[Round "4.28"]
[White "Malik, Heinz"]
[Black "Hein, Manfred"]
[Result "0-1"]
[WhiteElo "1568"]
[BlackElo "1943"]
[PlyCount "128"]
[EventDate "2014.??.??"]
[WhiteTeam "SK Großweil"]
[BlackTeam "FC Gunzenhausen 1910 e.V"]

1. d4 d5 2. c4 c6 3. cxd5 cxd5 4. Bf4 Nc6 5. e3 Bf5 6. Nc3 e6 7. Nf3 Bd6 8.
Bxd6 Qxd6 9. Bd3 Bxd3 10. Qxd3 f5 11. O-O Nf6 12. Rac1 O-O 13. a3 Ne4 14. Nd2
Nxd2 15. Qxd2 f4 16. exf4 Qxf4 17. Qxf4 Rxf4 18. Ne2 Rf6 19. f4 Raf8 20. b4 a6
21. g3 Kf7 22. Kf2 h5 23. h4 Ke7 24. Rcd1 Kd6 25. Rc1 R6f7 26. Rfd1 Rc7 27. Re1
g6 28. Rc3 Ne7 29. Rxc7 Kxc7 30. Rc1+ Kd7 31. Rc3 Nf5 32. Kf3 Nd6 33. a4 Nc4
34. Nc1 b6 35. Nd3 Rc8 36. Ke2 Rg8 37. Ne5+ Nxe5 38. fxe5 g5 39. hxg5 Rxg5 40.
Rf3 Ke7 41. Kf2 Rg4 42. Rd3 h4 43. gxh4 Rxh4 44. Kg2 Rf4 45. b5 axb5 46. axb5
Kd7 47. Rd2 Ke7 48. Rd3 Re4 49. Kh2 Kd7 50. Rd2 Ke7 51. Rd3 Kf7 52. Rf3+ Ke7
53. Rd3 Rg4 54. Rd2 Kf7 55. Rd3 Rh4+ 56. Kg2 Ke7 57. Rd2 Kd7 58. Rd3 Re4 59.
Kf2 Ke7 60. Rd2 Kf7 61. Rd3 Kg6 62. Rf3 Kg5 63. Rd3 Rf4+ 64. Rf3 Kg4 0-1

[Event "26.Off.Bayer.Senioren-EM 2014"]
[Site "Bergen"]
[Date "2014.06.24"]
[Round "4.29"]
[White "Stephan, Hubert"]
[Black "Kolkwitz, Klaus"]
[Result "0-1"]
[WhiteElo "1540"]
[BlackElo "1784"]
[PlyCount "60"]
[EventDate "2014.??.??"]
[WhiteTeam "SC Prien"]
[BlackTeam "ESV 1949 Eberswalde e.V."]

1. e4 d6 2. d4 g6 3. Bc4 Nf6 4. Nc3 Bg7 5. Be3 c6 6. Qd2 d5 7. exd5 cxd5 8. Bb3
O-O 9. Nf3 Nc6 10. a3 a6 11. O-O e6 12. Rad1 Na5 13. Ba2 Nc4 14. Qc1 Nxe3 15.
Qxe3 Qc7 16. Ne5 Nd7 17. Rfe1 Nxe5 18. dxe5 Bd7 19. Qg3 Rac8 20. f4 Qb6+ 21.
Kh1 Qxb2 22. Nxd5 exd5 23. Bxd5 Bc6 24. Bb3 a5 25. a4 Rfd8 26. e6 Be8 27. Qh4
Qf6 28. Qg3 Rxd1 29. Rxd1 fxe6 30. Rd6 Qa1+ 0-1

[Event "26.Off.Bayer.Senioren-EM 2014"]
[Site "Bergen"]
[Date "2014.06.24"]
[Round "4.30"]
[White "Harke, Horst"]
[Black "Flockerzi, Armin"]
[Result "1-0"]
[WhiteElo "1686"]
[BlackElo "1565"]
[PlyCount "105"]
[EventDate "2014.??.??"]
[WhiteTeam "SK Varel"]
[BlackTeam "VfR-SC Koblenz"]

1. d4 d5 2. c4 c6 3. e3 Nf6 4. Nc3 e6 5. Nf3 Be7 6. Bd3 b6 7. O-O Bb7 8. cxd5
Nxd5 9. e4 Nxc3 10. bxc3 O-O 11. Be3 Qc7 12. Qc2 h6 13. Qc1 f6 14. Bc4 Qd7 15.
Nh4 Ba6 16. Bxa6 Nxa6 17. Qd1 g5 18. Ng6 Rf7 19. f4 Rg7 20. Nxe7+ Qxe7 21. Qb3
Kh8 22. fxg5 hxg5 23. Rf3 g4 24. Rf4 c5 25. Qc4 cxd4 26. cxd4 Nc7 27. Qe2 Rag8
28. g3 Rg6 29. Rc1 Qd7 30. Rcf1 Qe7 31. Bc1 Ne8 32. Bb2 R8g7 33. Rc1 Qd7 34.
Qa6 Kh7 35. Qc8 Qb5 36. Rf2 Re7 37. Ba3 Reg7 38. Qxe6 Qd3 39. Bb2 Nc7 40. Qf5
Nb5 41. d5 Nd4 42. Bxd4 Qxd4 43. Rc8 Kh6 44. Rh8+ Rh7 45. Rxh7+ Kxh7 46. Kg2 a6
47. Qe6 Rh6 48. Qf5+ Kh8 49. Rc2 Qe5 50. Rc8+ Kg7 51. Qd7+ Kg6 52. Qxg4+ Kf7
53. Qg8+ 1-0

[Event "26.Off.Bayer.Senioren-EM 2014"]
[Site "Bergen"]
[Date "2014.06.24"]
[Round "4.31"]
[White "Siegl, Wolfgang"]
[Black "Niedermaier, Peter"]
[Result "0-1"]
[WhiteElo "1522"]
[BlackElo "1684"]
[PlyCount "118"]
[EventDate "2014.??.??"]
[WhiteTeam "SK 1926 Nördlingen-Ries"]
[BlackTeam "SU Ebersberg-Grafing"]

1. g3 e5 2. Bg2 d5 3. d3 Bc5 4. Nf3 Nd7 5. O-O Ngf6 6. Nbd2 c6 7. e4 dxe4 8.
dxe4 O-O 9. Qe2 Re8 10. Rd1 Qc7 11. a3 a5 12. h3 b5 13. Nb3 Bb6 14. Be3 Ba6 15.
Bxb6 Qxb6 16. Qe1 a4 17. Nc1 Nc5 18. Nh4 Ne6 19. Nf5 g6 20. Qe3 Qc7 21. Nh4 Bb7
22. Nd3 c5 23. c3 Rac8 24. f3 Nh5 25. Kh2 Neg7 26. Bf1 Ba6 27. Be2 Qe7 28. Rg1
Rc6 29. Raf1 Kh8 30. Ng2 Nf6 31. Nh4 Ng8 32. Ng2 Nf6 33. Qg5 Qe6 34. Qe3 Nd7
35. Rf2 Qe7 36. Rgf1 Rf6 37. Qg5 Ne6 38. Qe3 Nc7 39. Qg5 Re6 40. Qe3 Bb7 41.
Nh4 Rf6 42. Qg5 Bxe4 43. Qe3 Bc6 44. Ng2 Kg7 45. Kg1 e4 46. fxe4 Rxf2 47. Nxf2
Bxe4 48. Bg4 Bxg2 49. Qxe7 Rxe7 50. Kxg2 f5 51. Bf3 Nb6 52. g4 Nc4 53. Rb1 Nd2
54. Rd1 Nxf3 55. Kxf3 fxg4+ 56. Nxg4 h5 57. Ne3 Rf7+ 58. Kg2 Ne6 59. Rd5 Nf4+
0-1

[Event "26.Off.Bayer.Senioren-EM 2014"]
[Site "Bergen"]
[Date "2014.06.24"]
[Round "4.32"]
[White "Garms, Ilse"]
[Black "Klimpel, Siegfried"]
[Result "0-1"]
[WhiteElo "1532"]
[BlackElo "1662"]
[PlyCount "74"]
[EventDate "2014.??.??"]
[WhiteTeam "ESV 1949 Eberswalde e.V."]
[BlackTeam "TSV Kareth-Lappersdorf"]

1. d4 Nf6 2. Nf3 d6 3. e3 Bg4 4. Be2 Nbd7 5. Nbd2 c5 6. c3 g6 7. h3 Bf5 8. g4
Be4 9. O-O Bc6 10. b3 Bg7 11. Bb2 O-O 12. Re1 e5 13. Nh2 Ne8 14. f3 Nc7 15. Bf1
Ne6 16. Bg2 Rb8 17. Qe2 exd4 18. cxd4 cxd4 19. Ndf1 Re8 20. Qd2 Qb6 21. exd4
Nxd4 22. Kh1 Rxe1 23. Rxe1 Qc5 24. Rc1 Qb6 25. Rd1 Ne6 26. Bxg7 Kxg7 27. Qb2+
Kg8 28. Rxd6 Re8 29. Qd2 Qb5 30. Ng3 Nf6 31. Ne2 Qe5 32. Qd1 Nd5 33. Rxc6 bxc6
34. Nf1 Nef4 35. Nxf4 Nxf4 36. Qc2 Qe2 37. Qxe2 Rxe2 0-1